[Event "Larnaca OFIS op 2nd"]
[Site "Larnaca"]
[Date "2021.10.29"]
[Round "8"]
[White "Burg, Brent"]
[Black "Ivanov, Mikhail M"]
[Result "0-1"]
[WhiteElo "2162"]
[BlackElo "2329"]
[PlyCount "90"]
[EventDate "2021.10.22"]
[EventType "swiss"]
[EventRounds "9"]
[EventCountry "CYP"]
[SourceTitle "CBM 204 Extra"]
[Source "ChessBase"]
[SourceDate "2021.11.30"]
[SourceVersion "1"]
[SourceVersionDate "2021.11.30"]
[SourceQuality "1"]

1. e4 c6 2. d3 d5 3. Nd2 e5 4. Ngf3 Bd6 5. c3 Ne7 6. Qc2 0-0 7. Be2 Ng6 8. 0-0 Nf4 9. Nb3 dxe4 10. dxe4 Nxe2+ 11. Qxe2 Bg4 12. h3 Bh5 13. Be3 b6 14. Rfd1 Qe7 15. g4 Bg6 16. Nfd2 Nd7 17. f3 Rfd8 18. Nc4 Bc7 19. a4 Nf8 20. Rxd8 Rxd8 21. a5 b5 22. Bc5 Qg5 23. Ne3 Bb8 24. Ng2 h5 25. Qf2 hxg4 26. hxg4 Qf6 27. Qh4 Qxh4 28. Nxh4 Ne6 29. Nxg6 fxg6 30. Be3 a6 31. Kf2 Kf7 32. Ke2 Rh8 33. Rf1 Bd6 34. Nc1 c5 35. Nd3 c4 36. Nb4 Bxb4 37. cxb4 g5 38. Rd1 Rh2+ 39. Ke1 Rxb2 40. Rd7+ Kf6 41. Bc5 c3 42. Kd1 Nxc5 43. bxc5 Rd2+ 44. Rxd2 cxd2 45. Kxd2 Ke6 0-1

[Event "Larnaca OFIS op 2nd"]
[Site "Larnaca"]
[Date "2021.10.27"]
[Round "3"]
[White "Novik, Maxim"]
[Black "Burg, Brent"]
[Result "1-0"]
[WhiteElo "2438"]
[BlackElo "2162"]
[PlyCount "69"]
[EventDate "2021.10.22"]
[EventType "swiss"]
[EventRounds "9"]
[EventCountry "CYP"]
[SourceTitle "CBM 204 Extra"]
[Source "ChessBase"]
[SourceDate "2021.11.30"]
[SourceVersion "1"]
[SourceVersionDate "2021.11.30"]
[SourceQuality "1"]

1. d4 d6 2. g3 f5 3. Bg2 Nf6 4. Nf3 g6 5. 0-0 Bg7 6. c4 0-0 7. Qb3 c6 8. Rd1 Kh8 9. Nc3 Qc7 10. Qa3 Be6 11. c5 Na6 12. Bf4 Rad8 13. Ng5 Bg8 14. d5 cxd5 15. cxd6 exd6 16. Nxd5 Qc5 17. Ne7 Ne4 18. Qxc5 Naxc5 19. Nxg8 Kxg8 20. Nxe4 Nxe4 21. Bxe4 fxe4 22. Bxd6 Rf5 23. Ba3 Rfd5 24. Rxd5 Rxd5 25. Rc1 Be5 26. Rc4 Rd2 27. Rxe4 Bxb2 28. Bxb2 Rxb2 29. a4 Kf7 30. f4 Kf6 31. Kf2 b5 32. axb5 Rxb5 33. Rc4 a5 34. Rc6+ Kf5 35. Kf3 1-0

[Event "Heraklion op 17th"]
[Site "Heraklion"]
[Date "2016.05.06"]
[Round "6"]
[White "Fragiadakis, Emanouel"]
[Black "Burg, Brent"]
[Result "0-1"]
[WhiteElo "1864"]
[BlackElo "2232"]
[PlyCount "44"]
[EventDate "2016.05.02"]
[EventType "swiss"]
[EventRounds "9"]
[EventCountry "GRE"]
[SourceTitle "CBM 172 Extra"]
[Source "ChessBase"]
[SourceDate "2016.06.21"]
[SourceVersion "1"]
[SourceVersionDate "2016.06.21"]
[SourceQuality "1"]

1. d4 f5 2. c4 d6 3. Nf3 Nf6 4. Qc2 g6 5. Nc3 Bg7 6. g3 0-0 7. Bg2 Qe8 8. d5 a5 9. Be3 Na6 10. 0-0 Bd7 11. Rac1 h6 12. Nd2 Ng4 13. Nd1 g5 14. h3 Nxe3 15. fxe3 Qh5 16. a3 Be5 17. e4 Bxg3 18. exf5 g4 19. Qd3 Be5 20. hxg4 Qh2+ 21. Kf2 Qh4+ 22. Kg1 Bh2+ 0-1

[Event "EU-ch blitz"]
[Site "Minsk"]
[Date "2015.12.18"]
[Round "3.31"]
[White "Kulaots, Kaido"]
[Black "Burg, Brent"]
[Result "1-0"]
[WhiteElo "2574"]
[BlackElo "2230"]
[PlyCount "53"]
[EventDate "2015.12.18"]
[EventType "swiss (blitz)"]
[EventRounds "22"]
[EventCountry "BLR"]
[SourceTitle "EXT 2017"]
[Source "ChessBase"]
[SourceDate "2016.10.25"]
[SourceVersion "1"]
[SourceVersionDate "2016.10.25"]
[SourceQuality "1"]

1. e4 d6 2. d4 Nf6 3. Nc3 Nbd7 4. g4 h6 5. Bg2 e5 6. Nge2 Be7 7. h3 c6 8. Be3 Qc7 9. Qd2 b5 10. a3 a6 11. Ng3 Nb6 12. b3 c5 13. dxc5 dxc5 14. 0-0 0-0 15. Nf5 Rd8 16. Qe2 Bf8 17. g5 hxg5 18. Bxg5 Bxf5 19. exf5 Rac8 20. Bxf6 gxf6 21. Ne4 Bg7 22. Kh1 Nd5 23. Rg1 Kf8 24. Qg4 Bh6 25. Qh4 Bg7 26. Bf3 Nf4 27. Qh7 1-0

[Event "Maastricht Limburg op-A 9th"]
[Site "Maastricht"]
[Date "2015.05.25"]
[Round "6"]
[White "Martens, Martin"]
[Black "Burg, Brent"]
[Result "1-0"]
[WhiteElo "2417"]
[BlackElo "2214"]
[PlyCount "59"]
[EventDate "2015.05.22"]
[EventType "swiss"]
[EventRounds "7"]
[EventCountry "NED"]
[SourceTitle "CBM 166 Extra"]
[Source "ChessBase"]
[SourceDate "2015.06.18"]
[SourceVersion "1"]
[SourceVersionDate "2015.06.18"]
[SourceQuality "1"]

1. c4 e5 2. e3 Nf6 3. Nc3 d6 4. Nge2 g6 5. g3 Bg7 6. Bg2 0-0 7. 0-0 Nbd7 8. d4 Re8 9. b3 e4 10. Ba3 h5 11. Qc2 Qe7 12. Nb5 Nf8 13. d5 N8h7 14. c5 Qd7 15. Nbc3 dxc5 16. Nxe4 Nxe4 17. Bxe4 Rxe4 18. Qxe4 Ng5 19. Qg2 Qe7 20. h4 Bh3 21. Qh1 Bxa1 22. Rxa1 Qf6 23. Nd4 cxd4 24. hxg5 Qf5 25. e4 Qg4 26. Kh2 h4 27. Rg1 Kg7 28. Be7 hxg3+ 29. Rxg3 Qf4 30. Bf6+ 1-0

[Event "Maastricht Limburg op-A 9th"]
[Site "Maastricht"]
[Date "2015.05.24"]
[Round "4"]
[White "Bezemer, Arno J"]
[Black "Burg, Brent"]
[Result "1/2-1/2"]
[WhiteElo "2292"]
[BlackElo "2214"]
[PlyCount "67"]
[EventDate "2015.05.22"]
[EventType "swiss"]
[EventRounds "7"]
[EventCountry "NED"]
[SourceTitle "CBM 166 Extra"]
[Source "ChessBase"]
[SourceDate "2015.06.18"]
[SourceVersion "1"]
[SourceVersionDate "2015.06.18"]
[SourceQuality "1"]

1. e4 d6 2. d4 Nf6 3. Nc3 Nbd7 4. Nf3 e5 5. Bc4 Be7 6. 0-0 0-0 7. Re1 c6 8. a4 a5 9. b3 Qc7 10. Ba3 Nb6 11. Be2 Re8 12. Qd2 Bg4 13. h3 Bxf3 14. Bxf3 Bf8 15. Rad1 exd4 16. Qxd4 Rad8 17. Bb2 d5 18. exd5 Rxe1+ 19. Rxe1 Nbxd5 20. Nxd5 Nxd5 21. Qe5 Qxe5 22. Rxe5 f6 23. Re1 Nb4 24. Rd1 Rxd1+ 25. Bxd1 Kf7 26. Kf1 Ke6 27. Bd4 Kd5 28. c3 Na2 29. Bf3+ Ke6 30. Ke1 c5 31. Be3 c4 32. bxc4 Nxc3 33. Bd2 Bb4 34. Bxc3 1/2-1/2

[Event "Terre degli Elimi op 5th"]
[Site "Erice"]
[Date "2014.07.22"]
[Round "5"]
[White "Burg, Brent"]
[Black "Mantovani, Renzo"]
[Result "1/2-1/2"]
[WhiteElo "2220"]
[BlackElo "2349"]
[PlyCount "34"]
[EventDate "2014.07.19"]
[EventType "swiss"]
[EventRounds "9"]
[EventCountry "ITA"]
[SourceTitle "CBM 161 Extra"]
[Source "ChessBase"]
[SourceDate "2014.08.29"]
[SourceVersion "1"]
[SourceVersionDate "2014.08.29"]
[SourceQuality "1"]

1. e4 c5 2. c3 d5 3. exd5 Qxd5 4. d4 Nf6 5. Nf3 Nc6 6. Be2 e6 7. 0-0 cxd4 8. cxd4 Be7 9. Nc3 Qd6 10. Be3 0-0 11. a3 Rd8 12. Qb3 b6 13. Rad1 Bb7 14. Qb5 Nd5 15. Nxd5 Qxd5 16. Qxd5 Rxd5 17. Ne5 Nxe5 1/2-1/2